[Event "GER-chT U12"]
[Site "Gross Doelln"]
[Date "2010.12.29"]
[Round "5.3"]
[White "Shabani, Shabi"]
[Black "Pusch, Moritz"]
[Result "1-0"]
[WhiteElo "1233"]
[BlackElo "832"]
[PlyCount "93"]
[EventDate "2010.12.27"]
[EventType "team-swiss"]
[EventRounds "7"]
[EventCountry "GER"]
[SourceTitle "CBM 140 Extra"]
[Source "ChessBase"]
[SourceDate "2011.03.01"]
[SourceVersion "1"]
[SourceVersionDate "2011.03.01"]
[SourceQuality "1"]
[WhiteTeam "Pforzheim U12"]
[BlackTeam "Lippstadt Turm U12"]
[WhiteTeamCountry "GER"]
[BlackTeamCountry "GER"]

1. e4 e5 2. Nf3 Nc6 3. Bc4 Bc5 4. d3 d6 5. Be3 Bxe3 6. fxe3 Bg4 7. Nc3 Nf6 8. g3 Bxf3 9. Qxf3 Qe7 10. Nd5 Qd7 11. Nxf6+ gxf6 12. Qxf6 Rf8 13. 0-0 Nb4 14. Bb3 a5 15. a3 Nc6 16. d4 exd4 17. exd4 a4 18. Bd5 Nd8 19. e5 dxe5 20. Qxe5+ Qe7 21. Qxe7+ Kxe7 22. Rae1+ Kd6 23. c4 c6 24. Be4 b5 25. Rf6+ Kc7 26. Rc1 bxc4 27. Rxc4 Ra6 28. d5 Kc8 29. dxc6 Kc7 30. Bxh7 Ne6 31. h4 Rxc6 32. Rxc6+ Kxc6 33. Bf5 Re8 34. Rxf7 Kd5 35. Bxe6+ Rxe6 36. Rf5+ Kc6 37. Rf4 Kb5 38. Rb4+ Ka5 39. Kh2 Rh6 40. Kh3 Rg6 41. h5 Rg7 42. g4 Rh7 43. Kh4 Rg7 44. g5 Ka6 45. h6 Rh7 46. Kh5 Rh8 47. g6 1-0